书目信息 |
| 题名: |
游泳
|
|
| 作者: | 李文静 , 温宇红 编著 | |
| 分册: | ||
| 出版信息: | 北京 北京体育大学出版社 2005 |
|
| 页数: | 88 | |
| 开本: | 20cm | |
| 丛书名: | ||
| 单 册: | ||
| 中图分类: | G861.12 | |
| 科图分类: | ||
| 主题词: | 雪上运动 , 水上运动 , 冰上运动 | |
| 电子资源: | ||
| ISBN: | 7-81100-054-7 | |
| 000 | 00675nam0 2200229 450 | |
| 001 | 0736480453 | |
| 005 | 20070817100800.46 | |
| 010 | @a7-81100-054-7@d¥16.00 | |
| 100 | @a20070817d km y0chiy0120 ea | |
| 101 | 0 | @achi |
| 200 | 1 | @a游泳@Ayou yong@e仰泳技术图解@f温宇红,李文静编著@Fwen yu hong,li wen jing bian zhu |
| 210 | @a北京@c北京体育大学出版社@d2005 | |
| 215 | @a88@d20cm | |
| 517 | 1 | @a仰泳技术图解@Ayang yong ji shu tu jie |
| 606 | 0 | @a雪上运动 |
| 606 | 0 | @a水上运动 |
| 606 | 0 | @a冰上运动 |
| 690 | @aG861.12@v3 | |
| 701 | 0 | @a李文静@Ali wen jing@4编著 |
| 701 | 0 | @a温宇红@Awen yu hong@4编著 |
| 801 | 0 | @aCN@bPFT@c20070817 |
| 905 | @a213230@dG861.12@et24@f1 | |
| 游泳:仰泳技术图解/温宇红,李文静编著.-北京:北京体育大学出版社,2005 |
| 88;20cm |
| ISBN 7-81100-054-7:¥16.00 |
| ● |
| 相关链接 |
|
|
|
|
正题名:游泳
索取号:G861.12/t24
 
预约/预借
| 序号 | 登录号 | 条形码 | 馆藏地/架位号 | 状态 | 备注 |
| 1 | 6903922 | 269039220 | 密集书库-体育系/ [索取号:G861.12/t24] | 在馆 | |
| 2 | 6903926 | 269039266 | 密集书库-体育系/ [索取号:G861.12/t24] | 在馆 |